The Hive Minigames - Statistics

General Stats
  • This quiz has been taken 20 times
  • The average score is 11 of 20
Answer Stats
Answer % Correct
bed wars
94%
sky wars
94%
deathrun
81%
The bridge
81%
block drop
75%
block party
69%
hide and seek
69%
murder mystery
69%
survival games
69%
capture the flag
56%
ground wars
56%
treasure wars
56%
ghost invasion
50%
just build
44%
MobGame
44%
parkour worlds
38%
snow wars
31%
sky wars kits
19%
egg wars
13%
Sonic party games
13%
No matching quizzes found
Score Distribution
Percent of People with Each Score
Percentile by Number Answered
Your Score History
You have not taken this quiz